000 00918nam a22003377a 4500
001 BR0004019
003 BR-BrBNA
005 20230928100746.0
007 ta
008 230509b bl.||||| |||| 00| 0 por d
040 _aBR-BrBNA
_bpor
_cBiblioteca Nacional de Agricultura
041 _a(Por)
072 _aF04
_b0170
_b0336
_b0120
_b3830
090 _ 0170 BR0004019
110 1 _aUniversidade Federal de Vicosa, MG (Brasil). Centro de Ciencias Agrarias
245 1 _aAvaliacao agronomica de fosfatos naturais brasileiros
260 3 _aVicosa, MG (Brasil):
_c1980.
300 _a105 p.
500 _a64 tables
650 _aSorgo
650 _aSoja
650 _aMilho
650 _aFosfato
650 _aResposta da Planta
650 _aSolo
650 _aPropriedade Fisico-Quimica
650 _aAbsorcao
650 _aProducao Vegetal
909 _a202309
_bLucia
_c55
_dLucia Elande
942 _cBK
999 _c62668
_d62668